| 000 | 00943cam a2200313 i 4500 | ||
|---|---|---|---|
| 001 | 18143963 | ||
| 003 | OSt | ||
| 005 | 20260429123727.0 | ||
| 008 | 140508t20152015maua 000 0 eng | ||
| 010 | _a 2014017765 | ||
| 020 | _a9789332584600 | ||
| 035 | _a18143963 | ||
| 040 |
_aDLC _beng _erda _cDLC _dDLC |
||
| 042 | _apcc | ||
| 082 | 0 | 0 |
_a621.381 _bFLO |
| 100 | 1 |
_aFloyd, Thomas L. _93789 |
|
| 245 | 1 | 0 |
_aDigital fundamentals / _cThomas L. Floyd. |
| 250 | _a11/e | ||
| 264 | 1 |
_aNoida : _bPearson India Education Pvt. Ltd., _cc2018 |
|
| 300 |
_axviii,839p. : _bcolor illustrations ; _c29 cm |
||
| 336 |
_atext _2rdacontent |
||
| 337 |
_aunmediated _2rdamedia |
||
| 338 |
_avolume _2rdacarrier |
||
| 650 | 0 |
_aDigital electronics. _91654 |
|
| 650 | 0 |
_aLogic circuits. _93790 |
|
| 906 |
_a7 _bcbc _corignew _d1 _eecip _f20 _gy-gencatlg |
||
| 942 |
_2ddc _cBK |
||
| 999 |
_c1915 _d1915 |
||